00321nam a2200121Ia 4500008004100000100001500041245005800056260003100114300000800145650002400153942000700177999001500184190216s9999||||xx |||||||||||||| ||und|| aGoldberg L 0aChemistry Shaums Solved Problems 3000 Solved Problems bTata Mcgrawhill Publishers a613 aChemistry-Chemistry cBK c2986d2986